Moana ou voyage sentimental chez les Maoris et les Peaux Rouges des Iles
Збережено в:
| Автор: | |
|---|---|
| Формат: | Книга |
| Мова: | Французька |
| Опубліковано: |
París
Nouvelle Revue Française
1923
|
| Редагування: | 1a. ed |
| Предмети: | |
| Теги: |
Додати тег
Немає тегів, Будьте першим, хто поставить тег для цього запису!
|
MARC
| LEADER | 00000nam a2200000 a 4500 | ||
|---|---|---|---|
| 001 | UCJ5361 | ||
| 003 | CL-VaPUC | ||
| 008 | 070124e19231015FR |||||||||||||||||fre|d | ||
| 082 | 0 | 4 | |a 910.4 |b ROT |2 21 |
| 100 | 0 | |a Rott, Celine |e author |9 510465 | |
| 245 | 1 | 0 | |a Moana ou voyage sentimental chez les Maoris et les Peaux Rouges des Iles |
| 250 | |a 1a. ed | ||
| 300 | |a 229 p | ||
| 942 | |c BK | ||
| 945 | |d 20070124 00:00:00 |a rinostro | ||
| 260 | |a París |b Nouvelle Revue Française |c 1923 | ||
| 650 | 0 | |a Viajes |9 257115 | |
| 650 | 0 | |a Geografía |9 259346 | |
| 650 | 0 | |a Población |9 257577 | |
| 650 | 0 | |a Cultura |9 269059 | |
| 651 | 7 | |a TAHITI |2 CL-VaPUC |9 266824 | |
| 651 | 7 | |a POLINESIA |2 CL-VaPUC |9 510466 | |
| 583 | |a last modification |c 20070124 00:00:00 |k Rodrigo Vera | ||
| 999 | |c 321470 |d 321468 | ||
| 952 | |0 0 |1 0 |4 0 |6 910_400000000000000_ROT_1923 |7 0 |8 X |9 400227 |a FDOBUD |b FDOBUD |d 2019-11-22 |i 1033697 |o 910.4 ROT 1923 |p 1033697 |r 2019-11-22 |w 2019-11-22 |y BK_X |k BUD | ||